Hora actual de la novela española /

محفوظ في:
التفاصيل البيبلوغرافية
المؤلف الرئيسي: Alborg, Juan Luis (autor)
التنسيق: كتاب
اللغة:الإسبانية
منشور في: Madrid, España : Taurus, 1958, c1958
سلاسل:(Persiles ; 6)
الموضوعات:
الوسوم: إضافة وسم
لا توجد وسوم, كن أول من يضع وسما على هذه التسجيلة!

MARC

LEADER 00000nam^a2200000^a^4500
001 000303770
005 20250521000000.0
008 100921 19581958
009 20260310112658.397
037 |a Acervo Xavier Clavigero 
041 |a ESP 
082 |a 860. 946082  |b ALB 
100 |a Alborg, Juan Luis  |e (autor) 
245 1 0 |a Hora actual de la novela española /  |c J.L. Alborg. 
264 4 |a Madrid, España :  |b Taurus,  |c 1958, c1958 
300 |a 333 p. 
336 |a texto  |b txt  |2 rdacontenido 
337 |a sin mediación  |b n  |2 rdamedio 
338 |a volumen  |b nc  |2 rdasoporte 
440 1 |a (Persiles ;  |v 6) 
649 |a XX 
650 |a Novela Española -  |x Historia y Crítica -  |x Tema Principal 
650 |a Literatura Española -  |x Historia y Crítica 
650 |a Literatura Española -  |y Siglo XX 
650 |a Cela, Camilo José 
650 |a Agustí, Ignacio 
650 |a Laforet, Carmen 
650 |a Gironella, José María 
650 |a Delibes, Miguel 
650 |a Lorenzo, Pedro de 
650 |a Matute, Ana María 
650 |a Quiroga, Elena 
650 |a Fernández de la Reguera, Ricardo 
650 |a Salvador, Tomás 
650 |a Núñez Alonso, Alejandro 
650 |a Aldecoa, Ignacio 
650 |a Castillo-Puche, José Luis 
650 |a Sánchez Ferlosio, Rafael 
650 |a Prieto, Antonio 
910 |a Fondo General 
920 |a Impresos - Libros 
930 |a Colección General 
940 |a Literatura 
905 |a 101 
901 |a 045822  |b IT1  |c LIT  |u 20250521 
901 |a 033144  |b IT1  |c LIT  |u 20250521 
902 |a https://opac.biblio.iteso.mx/vufind/Record/000303770